Microbiología de los alimentos

Bibliographic Details
Main Authors: Frazier, W.C, Westhoff, D.C.
Format: Section = Libro
Language:Undetermined
Spanish
Published: Madrid, España Acribia 1978
Edition:3a.ed.
Subjects:
LEADER 00568nam a2200217Ia 4500
008 240829s9999 xx 000 0 und d
020 |a 84-200-0556-8 
040 |a BIBLIOTECA-RUSB/ 576.163 F848 
041 |a spa 
082 |a 576.163 F848 
100 1 |a Frazier, W.C  
100 1 |b  Westhoff, D.C. 
245 1 0 |a Microbiología de los alimentos 
250 |a 3a.ed. 
260 |a Madrid, España  |b Acribia  |c 1978 
300 |a 100 p. :il. 
650 7 |a MICROBIOLOGIA DE LOS ALIMENTOS 
650 7 |b  CONSERVAS ALIMENTICIAS 
942 |c BK  |2 ddc 
991 |a TEXTO 
999 |c 2594